000 00974nam a2200265Ia 4500
003 OSt
005 20221005111649.0
006 a|||||r|||| 00| 0
007 ta
008 221004b |||||||| |||| 00| 0 hin d
020 _a9789380770048 (hbk)
_c200
024 _a121037
037 _b13336, 23/07/2012, Kitab Ghar
_cTextual
040 _aCRL
_cCRL
_bhin
041 _2hin
_ahin
082 _aO152,8x, Q0
100 _aघोटड़, रामकुमार
245 0 _aइक्कीसवीं सदी के प्रतिनिधि व्यंग्य
246 _aIkkīsavīan sadī ke pratinidhi vyangya
260 _aपिलानी
_bकपिल प्रकाशन भारत
_c2010
300 _a144पृ0
_ccm.
650 _aहिन्दी साहित्य
942 _hO152,8x, Q0
_cTEXL
_2cc
999 _c1022497
_d1022497